000 00309nam a2200121Ia 4500
008 191201s1997 xx 000 0 und d
100 _aTURTON, N D
245 0 _aLongman Dictionary of Common Errors
260 _aN.Delhi
_bPearson Education
_c1997
300 _a375
650 _aGeneral Books
942 _2ddc
_cBK
999 _c2425
_d2425